Monografía de investigación : relación entre pedagogía de la coexistencia y el programa de habilidades para la vida en la educación chilena /

Se pretenderá también hacer un recorrido por diversos conceptos asociados a lo largo de nuestra educación como lo son diversidad, inclusión y sus diferentes tipos como escolar, social, educación inclusiva. Lo que es la pedagogía y sus diversos paradigmas, con la finalidad de informar y promover la r...

Descripción completa

Detalles Bibliográficos
Autor principal: Fabio Martínez, Pamela
Otros Autores: Lagos Letelier, Lilian, Alarcón Carvacho, Patricio (profesor guía), Escobar Espinoza, Maribel, Maldonado Tabilo, Fabiola
Formato: Tesis
Lenguaje:español
Publicado: Santiago, Chile Universidad Academia de Humanismo Cristiano 2017
Materias:

MARC

LEADER 00000cam a2200000 a 4500
001 046503
003 UAHC_CL
005 20210609173701.0
008 170120s2017 cl 000 spa
040 |a UAHC_CL  |c UAHC_CL  |d UAHC_CL 
100 |a Fabio Martínez, Pamela  |9 1755 
245 1 0 |a Monografía de investigación :  |b relación entre pedagogía de la coexistencia y el programa de habilidades para la vida en la educación chilena /  |c Pamela Fabio, Lilian Lagos, Maribel Espinoza, Fabiola Maldonado, profesor guía Patricio Alarcón. 
260 |b Universidad Academia de Humanismo Cristiano  |c 2017  |a Santiago, Chile 
300 |a 1 cd rom 
500 |a Tesis para optar al título de Profesor de Educación Diferencial con mención en Trastornos Específicos del Lenguaje Oral. 
502 |a Tesis (Profesor de Educación Diferencial) -- Universidad Academia de Humanismo Cristiano, 2017. 
516 |a Tesis electrónica (PDF) 
520 |a Se pretenderá también hacer un recorrido por diversos conceptos asociados a lo largo de nuestra educación como lo son diversidad, inclusión y sus diferentes tipos como escolar, social, educación inclusiva. Lo que es la pedagogía y sus diversos paradigmas, con la finalidad de informar y promover la reflexión de estas temáticas.\Se mostrará cómo en educación se observan y dan distintos tipos de relaciones entre el docente y el estudiante, a través de una propuesta de pedagogía que pretende lograr que cada estudiante exista para luego coexistir con las personas a su alrededor, como lo es la pedagogía de la coexistencia.\Se podrá visualizar y ahondar en una de las tantas medidas adoptadas para mejorar el sistema educativo en especial la convivencia escolar como es el Programa Habilidades para la Vida (PHV), que pretenden potenciar las relaciones\interpersonales de los y las estudiantes al interior de los establecimientos educacionales 
650 4 |a CONVIVENCIA ESCOLAR 
650 4 |a EDUCACION 
653 |a PEDAGOGIA EN EDUCACION DIFERENCIAL 
700 |a Lagos Letelier, Lilian  |9 1756 
700 |a Alarcón Carvacho, Patricio  |e profesor guía  |9 929 
700 |a Escobar Espinoza, Maribel  |9 1757 
700 |a Maldonado Tabilo, Fabiola  |9 1758 
900 |a TPEDIF 67 
942 |c TS  |2 ddc 
952 |0 0  |1 0  |2 ddc  |4 0  |6 TPEDIF_67_000000000000000  |7 0  |9 84353  |a BC  |b BC  |c Referencia  |d 2017-08-03  |o TPEDIF 67  |p 2477  |r 2019-01-07 00:00:00  |t 1  |w 2017-08-03  |y TS 
999 |c 46503  |d 46503